Дело о числе мест заключения и содержащихся в них арестантов по Архангельской губернии за 1867 год

Доступно только в Электронных читальных залах Найти на картеНа карте
RUSMARC
00003712nmc2a22000003x 450
001f648ddcf-fd45-41fb-b447-0787cf025678
00520210311182535.0
100##$a20181129l18671868k l0rusy0189 ca
1010#$arus
102##$aRU
2001#$aДело о числе мест заключения и содержащихся в них арестантов по Архангельской губернии за 1867 год
$j7 февраля 1867 г. - 31 января 1868 г.
251##$cДело
300##$aДело
801#0$aRU
$bРГИА
$c20181129
$gRCR
801#1$aRU
$bГлавНИВЦ
$c20181129
$2rusmarc
801#2$aRU
$bПБ им. Б.Н. Ельцина
$c20210311
$gRCR
$2rusmarc
850##$aРГИА
852##$aРГИА
$eФедеральное казенное учреждение "Российский государственный исторический архив" (РГИА)
$j479
937##$hРГИА
$d12294313
$aASBIBLIO_SCAN
462#0$100191353b96-cc3d-4f24-9eeb-3bfef1665a95
$12001
$aДела Департамента полиции исполнительной МВД за 1867 год
$1251
$cОпись
$1852
$j28
$l1867 г.
461#0$10013e300ed0-cd39-49af-8489-5ba5b90fa401
$12001
$aДепартамент полиции исполнительной МВД
$1251
$cФонд
$1852
$j1286
215##$a16 л.
$d36,5х26 см
371##$aДокумент не является опубликованным и широко распространяемым
105##$ay###
1222#$ad
035##$af648ddcf-fd45-41fb-b447-0787cf025678
856##$uhttp://readingroom.main.prlib.ru/item.aspx?id_node=n158496229&mode=full
Формат отображения